000 00979cam a22003133a 4500
999 _c328555
_d328555
001 13315503
003 Nust
005 20170412100227.0
008 941118s1994 nyu j 000 1 eng d
010 _a 2003586886
020 _a9780439863940
035 _a(OCoLC)ocm31489154
040 _aSCR
_cSCR
_dSLC
_dOCLCQ
_dDLC
042 _alccopycat
050 0 0 _aCPB Box no. 2029 vol. 10
082 _a823
_bSTI
100 1 _aStine, R. L.
245 1 0 _aMy hairiest adventure /
_cR.L. Stine.
260 _aNew York :
_bScholastic Inc.,
_c1994.
300 _a122 p. ;
_c20 cm.
490 1 _aGoosebumps ;
_v#26
500 _a"An Apple paperback."
500 _a"A Parachute Press book."
521 0 _a4.
521 1 _a008-012.
655 7 _aHorror fiction.
_2gsafd
655 7 _aFantasy fiction.
_2gsafd
710 2 _aCopyright Paperback Collection (Library of Congress)
_5DLC
800 1 _aStine, R. L.
_tGoosebumps ;
_v#26.
906 _a7
_bcbc
_ccopycat
_d2
_encip
_f20
_gy-genrareb
942 _2ddc
_cBK